Planning the urban region : A comparative study of policies and organizations

Bibliographic Details
Main Author: Self, Peter
Format: Book
Published: London : George Allen & Unuin , 1982
Subjects:

MARC

LEADER 00000cam a2200000 7i4500
001 0000002926
005 20050623.0
020 |a 0043520987 
040 |a INS 
090 0 0 |a HT169.   |b G7 1982 
100 1 |a Self, Peter 
245 1 0 |a Planning the urban region :   |b A comparative study of policies and organizations   |c Peter Self 
260 |a London :   |b George Allen & Unuin ,   |c 1982 
300 |a viip :   |b 169p ;   |c 23 cm. 
650 0 0 |a City planning   |x surveys 
999 |a 0000000857   |b BOOK   |c Open Shelf   |e Default branch